[Event "Deutsche Blitz-Einzelmeisterschaft der Frauen 2021"]
[Site "Magdeburg"]
[Date "2021.08.01"]
[Round "9"]
[Board "10"]
[White "Zschischang, Marine"]
[Black "Zimmer, Elke"]
[Result "1/2-1/2"]
[WhiteElo "2034"]
[BlackElo "1872"]
[PlyCount "0"]
[EventDate "2021.08.01"]
[EventRounds "21"]
[EventCountry "GER"]

1. d4 {[%clk 0:03:04]} d6 {[%clk 0:03:02]} 2. e4 {[%clk 0:03:04]} g6 {[%clk
0:03:03]} 3. Be3 {[%clk 0:03:05]} Bg7 {[%clk 0:03:03]} 4. Qd2 {[%clk 0:03:06]}
Nf6 {[%clk 0:02:55]} 5. f3 {[%clk 0:03:06]} O-O {[%clk 0:02:59]} 6. Bh6 {[%clk
0:03:08]} e5 {[%clk 0:02:57]} 7. d5 {[%clk 0:02:59]} Nbd7 {[%clk 0:02:45]} 8. h4
{[%clk 0:03:03]} Nh5 {[%clk 0:02:34]} 9. Ne2 {[%clk 0:02:57]} c5 {[%clk 0:02:32]}
10. g4 {[%clk 0:02:51]} Nf4 {[%clk 0:02:33]} 11. Bxg7 {[%clk 0:02:46]} Kxg7
{[%clk 0:02:33]} 12. Nxf4 {[%clk 0:02:46]} exf4 {[%clk 0:02:24]} 13. Qxf4 {[%clk
0:02:46]} Qf6 {[%clk 0:02:34]} 14. Qxf6+ {[%clk 0:02:44]} Nxf6 {[%clk 0:02:35]}
15. Nc3 {[%clk 0:02:38]} a6 {[%clk 0:02:36]} 16. a4 {[%clk 0:02:31]} Bd7 {[%clk
0:02:37]} 17. Be2 {[%clk 0:02:13]} b5 {[%clk 0:02:35]} 18. axb5 {[%clk 0:01:54]}
axb5 {[%clk 0:02:36]} 19. Kd2 {[%clk 0:01:54]} b4 {[%clk 0:02:33]} 20. Nb5 {[%clk
0:01:53]} Bxb5 {[%clk 0:02:30]} 21. Bxb5 {[%clk 0:01:44]} h5 {[%clk 0:02:25]} 22.
g5 {[%clk 0:01:44]} Nh7 {[%clk 0:02:17]} 23. Ke3 {[%clk 0:01:42]} f6 {[%clk
0:02:08]} 24. gxf6+ {[%clk 0:01:30]} Nxf6 {[%clk 0:02:04]} 25. Rhg1 {[%clk
0:01:28]} Kh6 {[%clk 0:01:41]} 26. Bc6 {[%clk 0:01:22]} Rxa1 {[%clk 0:01:33]} 27.
Rxa1 {[%clk 0:01:23]} g5 {[%clk 0:01:34]} 28. hxg5+ {[%clk 0:01:16]} Kxg5 {[%clk
0:01:35]} 29. Rg1+ {[%clk 0:01:16]} Kh6 {[%clk 0:01:35]} 30. b3 {[%clk 0:01:08]}
h4 {[%clk 0:01:33]} 31. Bb5 {[%clk 0:01:00]} Rg8 {[%clk 0:01:24]} 32. Rh1 {[%clk
0:00:51]} Kh5 {[%clk 0:01:21]} 33. Be2 {[%clk 0:00:48]} Rg3 {[%clk 0:01:23]} 34.
Kf2 {[%clk 0:00:48]} Kg5 {[%clk 0:01:23]} 35. f4+ {[%clk 0:00:46]} Kg6 {[%clk
0:01:16]} 36. Bd3 {[%clk 0:00:42]} Kh5 {[%clk 0:01:12]} 37. Be2+ {[%clk 0:00:38]}
Ng4+ {[%clk 0:01:11]} 38. Kf1 {[%clk 0:00:35]} h3 {[%clk 0:01:01]} 39. e5 {[%clk
0:00:33]} Kh4 {[%clk 0:00:57]} 40. Bxg4 {[%clk 0:00:32]} Rxg4 {[%clk 0:00:48]}
41. e6 {[%clk 0:00:26]} Rxf4+ {[%clk 0:00:58]} 42. Ke2 {[%clk 0:00:27]} Re4+
{[%clk 0:00:54]} 43. Kf3 {[%clk 0:00:26]} Re5 {[%clk 0:00:50]} 44. Rd1 {[%clk
0:00:22]} Rf5+ {[%clk 0:00:49]} 45. Ke4 {[%clk 0:00:21]} Rf2 {[%clk 0:00:45]} 46.
Ke3 {[%clk 0:00:20]} Rf5 {[%clk 0:00:46]} 47. Ke4 {[%clk 0:00:21]} Rf2 {[%clk
0:00:47]} 48. Ke3 {[%clk 0:00:22]}  1/2-1/2

[Event "Deutsche Blitz-Einzelmeisterschaft der Frauen 2021"]
[Site "Magdeburg"]
[Date "2021.08.01"]
[Round "9"]
[Board "11"]
[White "Mader, Lena"]
[Black "Schneider, Birgit"]
[Result "0-1"]
[WhiteElo "1689"]
[BlackElo "1993"]
[PlyCount "0"]
[EventDate "2021.08.01"]
[EventRounds "21"]
[EventCountry "GER"]

1. c4 {[%clk 0:03:03]} Nf6 {[%clk 0:03:02]} 2. g3 {[%clk 0:02:54]} c5 {[%clk
0:03:02]} 3. Bg2 {[%clk 0:03:04]} e6 {[%clk 0:03:03]} 4. Nc3 {[%clk 0:03:01]} d5
{[%clk 0:02:58]} 5. cxd5 {[%clk 0:02:50]} exd5 {[%clk 0:02:59]} 6. d4 {[%clk
0:02:39]} Nc6 {[%clk 0:02:50]} 7. Nf3 {[%clk 0:02:37]} Be7 {[%clk 0:02:51]} 8.
O-O {[%clk 0:02:38]} O-O {[%clk 0:02:51]} 9. dxc5 {[%clk 0:02:19]} Bxc5 {[%clk
0:02:43]} 10. Bg5 {[%clk 0:02:18]} d4 {[%clk 0:02:17]} 11. Na4 {[%clk 0:01:56]}
Be7 {[%clk 0:02:08]} 12. Rc1 {[%clk 0:01:38]} h6 {[%clk 0:02:02]} 13. Bxf6 {[%clk
0:01:18]} Bxf6 {[%clk 0:02:03]} 14. Nc5 {[%clk 0:01:17]} Qb6 {[%clk 0:01:53]} 15.
Nd3 {[%clk 0:01:17]} Be6 {[%clk 0:01:50]} 16. b3 {[%clk 0:01:13]} Rac8 {[%clk
0:01:49]} 17. Nd2 {[%clk 0:01:01]} Qd8 {[%clk 0:01:34]} 18. Ne4 {[%clk 0:00:52]}
Re8 {[%clk 0:01:19]} 19. Nxf6+ {[%clk 0:00:38]} Qxf6 {[%clk 0:01:19]} 20. Nf4
{[%clk 0:00:39]} Bg4 {[%clk 0:00:45]} 21. Re1 {[%clk 0:00:22]} Qd8 {[%clk
0:00:42]} 22. h3 {[%clk 0:00:19]} Bf5 {[%clk 0:00:42]} 23. g4 {[%clk 0:00:11]}
Bh7 {[%clk 0:00:38]} 24. Qd2 {[%clk 0:00:08]} Be4 {[%clk 0:00:19]} 25. Bxe4
{[%clk 0:00:04]} Rxe4 {[%clk 0:00:25]} 26. Kg2 {[%clk 0:00:03]} Qd6 {[%clk
0:00:25]} 27. Nd3 {[%clk 0:00:03]} Rce8 {[%clk 0:00:23]} 28. b4 {[%clk 0:03:02]}
 0-1

[Event "Deutsche Blitz-Einzelmeisterschaft der Frauen 2021"]
[Site "Magdeburg"]
[Date "2021.08.01"]
[Round "10"]
[Board "1"]
[White "Wulf, Constanze"]
[Black "Schneider, Birgit"]
[Result "1/2-1/2"]
[WhiteElo "1817"]
[BlackElo "1993"]
[PlyCount "0"]
[EventDate "2021.08.01"]
[EventRounds "21"]
[EventCountry "GER"]

1. e4 {[%clk 0:03:03]} c5 {[%clk 0:03:04]} 2. Nf3 {[%clk 0:03:02]} Nc6 {[%clk
0:03:05]} 3. Bb5 {[%clk 0:03:01]} g6 {[%clk 0:03:05]} 4. Bxc6 {[%clk 0:02:44]}
dxc6 {[%clk 0:03:05]} 5. d3 {[%clk 0:02:33]} Bg7 {[%clk 0:03:02]} 6. O-O {[%clk
0:02:32]} e5 {[%clk 0:03:03]} 7. Be3 {[%clk 0:02:26]} b6 {[%clk 0:03:04]} 8. h3
{[%clk 0:02:14]} Qc7 {[%clk 0:03:02]} 9. c3 {[%clk 0:02:00]} Nf6 {[%clk 0:03:01]}
10. Qc2 {[%clk 0:01:50]} O-O {[%clk 0:03:00]} 11. d4 {[%clk 0:01:44]} cxd4 {[%clk
0:03:00]} 12. cxd4 {[%clk 0:01:45]} exd4 {[%clk 0:02:47]} 13. Nxd4 {[%clk
0:01:29]} c5 {[%clk 0:02:32]} 14. Nb5 {[%clk 0:01:17]} Qe7 {[%clk 0:02:22]} 15.
Nd2 {[%clk 0:01:00]} Bb7 {[%clk 0:02:17]} 16. Nc3 {[%clk 0:01:01]} Rfd8 {[%clk
0:02:11]} 17. Rfe1 {[%clk 0:00:59]} Rd7 {[%clk 0:02:07]} 18. Bg5 {[%clk 0:00:51]}
Qe8 {[%clk 0:01:47]} 19. e5 {[%clk 0:00:27]} Nd5 {[%clk 0:01:39]} 20. Nxd5 {[%clk
0:00:28]} Rxd5 {[%clk 0:01:35]} 21. Bf6 {[%clk 0:00:24]} Rc8 {[%clk 0:01:29]} 22.
Nc4 {[%clk 0:00:24]} Bxf6 {[%clk 0:01:10]} 23. exf6 {[%clk 0:00:23]} Qc6 {[%clk
0:01:11]} 24. Ne5 {[%clk 0:00:14]} Qxf6 {[%clk 0:01:07]} 25. Nf3 {[%clk 0:00:13]}
Rcd8 {[%clk 0:01:03]} 26. Re3 {[%clk 0:00:08]} R5d7 {[%clk 0:00:47]} 27. Rae1
{[%clk 0:00:09]} Kg7 {[%clk 0:00:47]} 28. Qa4 {[%clk 0:00:09]} Bc6 {[%clk
0:00:42]} 29. Qc2 {[%clk 0:00:09]} h6 {[%clk 0:00:38]} 30. b3 {[%clk 0:00:10]}
Rd5 {[%clk 0:00:25]} 31. Qe2 {[%clk 0:00:10]} R5d7 {[%clk 0:00:22]} 32. Qc2
{[%clk 0:00:11]}  1/2-1/2

[Event "Deutsche Blitz-Einzelmeisterschaft der Frauen 2021"]
[Site "Magdeburg"]
[Date "2021.08.01"]
[Round "10"]
[Board "2"]
[White "Zimmer, Elke"]
[Black "Mader, Lena"]
[Result "1/2-1/2"]
[WhiteElo "1872"]
[BlackElo "1689"]
[PlyCount "0"]
[EventDate "2021.08.01"]
[EventRounds "21"]
[EventCountry "GER"]

1. e4 {[%clk 0:03:02]} c6 {[%clk 0:03:02]} 2. d4 {[%clk 0:03:04]} d5 {[%clk
0:03:05]} 3. exd5 {[%clk 0:03:05]} cxd5 {[%clk 0:03:06]} 4. Nf3 {[%clk 0:03:06]}
Nc6 {[%clk 0:03:07]} 5. Bd3 {[%clk 0:03:07]} Nf6 {[%clk 0:03:08]} 6. c3 {[%clk
0:03:08]} Bg4 {[%clk 0:03:09]} 7. O-O {[%clk 0:02:52]} e6 {[%clk 0:03:10]} 8. Bg5
{[%clk 0:02:52]} Be7 {[%clk 0:03:10]} 9. Nbd2 {[%clk 0:02:52]} O-O {[%clk
0:03:12]} 10. Qc2 {[%clk 0:02:53]} h6 {[%clk 0:03:05]} 11. Bf4 {[%clk 0:02:52]}
Bxf3 {[%clk 0:03:02]} 12. Nxf3 {[%clk 0:02:52]} Rc8 {[%clk 0:03:03]} 13. a3
{[%clk 0:02:53]} a6 {[%clk 0:02:56]} 14. Rae1 {[%clk 0:02:45]} b5 {[%clk
0:02:56]} 15. Qb1 {[%clk 0:02:54]} Na5 {[%clk 0:02:51]} 16. Ne5 {[%clk 0:02:53]}
Nd7 {[%clk 0:02:35]} 17. Re3 {[%clk 0:02:35]} Nxe5 {[%clk 0:02:26]} 18. Bxe5
{[%clk 0:02:34]} Nc4 {[%clk 0:02:27]} 19. Bxc4 {[%clk 0:02:33]} bxc4 {[%clk
0:02:20]} 20. Rg3 {[%clk 0:02:33]} Bf6 {[%clk 0:02:16]} 21. Re1 {[%clk 0:02:28]}
Bxe5 {[%clk 0:01:55]} 22. Rxe5 {[%clk 0:02:28]} Qf6 {[%clk 0:01:43]} 23. Qd1
{[%clk 0:02:21]} Rb8 {[%clk 0:01:41]} 24. Re2 {[%clk 0:02:22]} Rb7 {[%clk
0:01:34]} 25. Rf3 {[%clk 0:02:23]} Qg6 {[%clk 0:01:29]} 26. Rg3 {[%clk 0:02:19]}
Qf6 {[%clk 0:01:30]} 27. Qb1 {[%clk 0:02:11]} Rfb8 {[%clk 0:01:27]} 28. Rd2
{[%clk 0:02:01]} Rb3 {[%clk 0:01:23]} 29. Qc1 {[%clk 0:01:55]} Qe7 {[%clk
0:01:15]} 30. Re3 {[%clk 0:01:52]} Qb7 {[%clk 0:01:16]} 31. Ree2 {[%clk 0:01:51]}
Qc7 {[%clk 0:01:13]} 32. g3 {[%clk 0:01:50]} R8b6 {[%clk 0:01:11]} 33. f4 {[%clk
0:01:45]} Qb7 {[%clk 0:01:09]} 34. Kf2 {[%clk 0:01:39]} Qd7 {[%clk 0:01:03]} 35.
h3 {[%clk 0:01:37]} Qe7 {[%clk 0:00:59]} 36. Rc2 {[%clk 0:01:32]} Qf6 {[%clk
0:00:58]} 37. Kf3 {[%clk 0:01:24]} Qf5 {[%clk 0:00:54]} 38. g4 {[%clk 0:01:21]}
Qd3+ {[%clk 0:00:46]} 39. Re3 {[%clk 0:01:22]} Qg6 {[%clk 0:00:40]} 40. Ree2
{[%clk 0:01:22]} h5 {[%clk 0:00:39]} 41. Qe3 {[%clk 0:01:18]} Rb7 {[%clk
0:00:32]} 42. Qe5 {[%clk 0:01:15]} hxg4+ {[%clk 0:00:26]} 43. hxg4 {[%clk
0:01:16]} Qd3+ {[%clk 0:00:23]} 44. Qe3 {[%clk 0:01:17]} Qxe3+ {[%clk 0:00:23]}
45. Kxe3 {[%clk 0:01:18]} Kf8 {[%clk 0:00:20]} 46. Kf3 {[%clk 0:01:17]} Ke7
{[%clk 0:00:22]}  1/2-1/2

[Event "Deutsche Blitz-Einzelmeisterschaft der Frauen 2021"]
[Site "Magdeburg"]
[Date "2021.08.01"]
[Round "10"]
[Board "3"]
[White "Michna, Marta"]
[Black "Zschischang, Marine"]
[Result "1-0"]
[WhiteElo "2416"]
[BlackElo "2034"]
[PlyCount "0"]
[EventDate "2021.08.01"]
[EventRounds "21"]
[EventCountry "GER"]

1. d4 {[%clk 0:03:04]} e6 {[%clk 0:03:03]} 2. c3 {[%clk 0:03:04]} d5 {[%clk
0:03:04]} 3. Bf4 {[%clk 0:03:05]} c5 {[%clk 0:03:04]} 4. e3 {[%clk 0:03:06]} Qb6
{[%clk 0:03:01]} 5. Qb3 {[%clk 0:03:05]} c4 {[%clk 0:02:56]} 6. Qc2 {[%clk
0:02:52]} Bd6 {[%clk 0:02:56]} 7. Nf3 {[%clk 0:02:48]} Bxf4 {[%clk 0:02:53]} 8.
exf4 {[%clk 0:02:49]} Qc7 {[%clk 0:02:46]} 9. g3 {[%clk 0:02:50]} f5 {[%clk
0:02:42]} 10. Bg2 {[%clk 0:02:38]} Nf6 {[%clk 0:02:43]} 11. O-O {[%clk 0:02:38]}
Ne4 {[%clk 0:02:44]} 12. Nbd2 {[%clk 0:02:33]} O-O {[%clk 0:02:43]} 13. Rfe1
{[%clk 0:02:32]} Nd7 {[%clk 0:02:30]} 14. Nf1 {[%clk 0:02:28]} Ndf6 {[%clk
0:02:22]} 15. Ne5 {[%clk 0:02:29]} Bd7 {[%clk 0:02:11]} 16. Re2 {[%clk 0:02:24]}
Be8 {[%clk 0:02:09]} 17. Rae1 {[%clk 0:02:14]} Bh5 {[%clk 0:01:59]} 18. f3 {[%clk
0:02:05]} Nd6 {[%clk 0:01:53]} 19. h3 {[%clk 0:02:05]} a5 {[%clk 0:01:35]} 20. g4
{[%clk 0:02:11]} Be8 {[%clk 0:01:32]} 21. Ng3 {[%clk 0:02:10]} Nd7 {[%clk
0:01:26]} 22. Qd2 {[%clk 0:01:53]} b5 {[%clk 0:01:18]} 23. h4 {[%clk 0:01:48]}
Nb6 {[%clk 0:00:58]} 24. Bh3 {[%clk 0:01:42]} g6 {[%clk 0:00:57]} 25. Kh1 {[%clk
0:01:33]} Qg7 {[%clk 0:00:56]} 26. h5 {[%clk 0:01:24]} Qe7 {[%clk 0:00:45]} 27.
Rg1 {[%clk 0:01:20]} Qh4 {[%clk 0:00:40]} 28. Rh2 {[%clk 0:01:21]} gxh5 {[%clk
0:00:30]} 29. g5 {[%clk 0:00:54]} Ne4 {[%clk 0:00:19]} 30. fxe4 {[%clk 0:00:53]}
fxe4 {[%clk 0:00:19]} 31. Bxe6+ {[%clk 0:00:53]}  1-0

[Event "Deutsche Blitz-Einzelmeisterschaft der Frauen 2021"]
[Site "Magdeburg"]
[Date "2021.08.01"]
[Round "10"]
[Board "5"]
[White "Brunner, Sophia"]
[Black "Zeller, Elisa"]
[Result "1-0"]
[WhiteElo "1741"]
[BlackElo "1917"]
[PlyCount "0"]
[EventDate "2021.08.01"]
[EventRounds "21"]
[EventCountry "GER"]

1. d4 {[%clk 0:03:03]} d5 {[%clk 0:03:03]} 2. Nf3 {[%clk 0:03:04]} Nf6 {[%clk
0:03:04]} 3. g3 {[%clk 0:03:05]} e6 {[%clk 0:03:04]} 4. Bg2 {[%clk 0:03:07]} c5
{[%clk 0:03:05]} 5. O-O {[%clk 0:03:06]} Nc6 {[%clk 0:03:05]} 6. e3 {[%clk
0:03:06]} cxd4 {[%clk 0:03:05]} 7. exd4 {[%clk 0:03:07]} Bd6 {[%clk 0:03:06]} 8.
c3 {[%clk 0:03:08]} O-O {[%clk 0:03:04]} 9. Bg5 {[%clk 0:03:09]} h6 {[%clk
0:03:01]} 10. Bxf6 {[%clk 0:03:00]} Qxf6 {[%clk 0:03:01]} 11. Re1 {[%clk
0:03:02]} Bd7 {[%clk 0:02:40]} 12. Nbd2 {[%clk 0:03:00]} Rfe8 {[%clk 0:02:31]}
13. Qe2 {[%clk 0:02:50]} a6 {[%clk 0:02:20]} 14. Ne5 {[%clk 0:02:44]} Bxe5 {[%clk
0:02:20]} 15. dxe5 {[%clk 0:02:45]} Qg6 {[%clk 0:02:11]} 16. Nb3 {[%clk 0:02:37]}
Ne7 {[%clk 0:02:08]} 17. Nd4 {[%clk 0:02:28]} Nf5 {[%clk 0:02:01]} 18. Nxf5
{[%clk 0:02:29]} Qxf5 {[%clk 0:02:02]} 19. Rad1 {[%clk 0:02:22]} Bb5 {[%clk
0:02:00]} 20. Qe3 {[%clk 0:02:13]} Rac8 {[%clk 0:01:56]} 21. Rd2 {[%clk 0:02:03]}
Rc7 {[%clk 0:01:29]} 22. f4 {[%clk 0:01:51]} Rec8 {[%clk 0:01:26]} 23. Rd4 {[%clk
0:01:09]} Qc2 {[%clk 0:01:03]} 24. Qf2 {[%clk 0:01:02]} Qxf2+ {[%clk 0:01:02]}
25. Kxf2 {[%clk 0:01:03]} Rc4 {[%clk 0:00:59]} 26. Red1 {[%clk 0:01:02]} Rxd4
{[%clk 0:00:58]} 27. Rxd4 {[%clk 0:01:03]} Rc4 {[%clk 0:00:59]} 28. Rxc4 {[%clk
0:00:49]} Bxc4 {[%clk 0:01:00]} 29. b3 {[%clk 0:00:43]} Bb5 {[%clk 0:01:02]} 30.
Ke3 {[%clk 0:00:41]} Kf8 {[%clk 0:01:03]} 31. Kd4 {[%clk 0:00:42]} Ke7 {[%clk
0:01:02]} 32. c4 {[%clk 0:00:36]} dxc4 {[%clk 0:01:03]} 33. bxc4 {[%clk 0:00:37]}
Bc6 {[%clk 0:01:04]} 34. Bxc6 {[%clk 0:00:29]} bxc6 {[%clk 0:01:06]} 35. Kc5
{[%clk 0:00:30]} Kd7 {[%clk 0:01:07]} 36. Kb6 {[%clk 0:00:32]} f6 {[%clk
0:01:07]} 37. Kxa6 {[%clk 0:00:30]} fxe5 {[%clk 0:01:07]} 38. fxe5 {[%clk
0:00:32]} Kc7 {[%clk 0:01:07]} 39. c5 {[%clk 0:00:19]} g6 {[%clk 0:00:57]} 40. g4
{[%clk 0:00:18]} h5 {[%clk 0:00:38]} 41. gxh5 {[%clk 0:00:17]} gxh5 {[%clk
0:00:38]} 42. h4 {[%clk 0:00:18]} Kd7 {[%clk 0:00:33]} 43. Kb7 {[%clk 0:00:19]}
Ke7 {[%clk 0:00:33]} 44. Kxc6 {[%clk 0:00:20]}  1-0

[Event "Deutsche Blitz-Einzelmeisterschaft der Frauen 2021"]
[Site "Magdeburg"]
[Date "2021.08.01"]
[Round "10"]
[Board "6"]
[White "Ries, Jutta"]
[Black "Skogvall, Martina"]
[Result "1/2-1/2"]
[WhiteElo "2094"]
[BlackElo "2014"]
[PlyCount "0"]
[EventDate "2021.08.01"]
[EventRounds "21"]
[EventCountry "GER"]

1. f4 {[%clk 0:03:03]} d5 {[%clk 0:03:03]} 2. Nf3 {[%clk 0:03:04]} Nf6 {[%clk
0:03:04]} 3. b3 {[%clk 0:03:05]} c6 {[%clk 0:03:04]} 4. Bb2 {[%clk 0:03:06]} Nbd7
{[%clk 0:03:05]} 5. e3 {[%clk 0:03:07]} g6 {[%clk 0:03:04]} 6. Bd3 {[%clk
0:03:07]} Bg7 {[%clk 0:03:05]} 7. O-O {[%clk 0:03:08]} O-O {[%clk 0:03:06]} 8.
Qe1 {[%clk 0:03:07]} Re8 {[%clk 0:02:55]} 9. f5 {[%clk 0:03:05]} Nc5 {[%clk
0:02:50]} 10. fxg6 {[%clk 0:03:04]} hxg6 {[%clk 0:02:47]} 11. Be2 {[%clk
0:02:57]} Bg4 {[%clk 0:02:27]} 12. Ng5 {[%clk 0:02:52]} Bxe2 {[%clk 0:02:19]} 13.
Qxe2 {[%clk 0:02:53]} Rf8 {[%clk 0:01:45]} 14. Nc3 {[%clk 0:02:43]} e5 {[%clk
0:01:44]} 15. d4 {[%clk 0:02:39]} Ncd7 {[%clk 0:01:41]} 16. dxe5 {[%clk 0:02:38]}
Nh5 {[%clk 0:01:34]} 17. Nf3 {[%clk 0:02:06]} Nxe5 {[%clk 0:01:29]} 18. Nd1
{[%clk 0:02:03]} Nxf3+ {[%clk 0:01:24]} 19. Qxf3 {[%clk 0:02:04]} Bxb2 {[%clk
0:01:23]} 20. Nxb2 {[%clk 0:02:05]} Kg7 {[%clk 0:01:15]} 21. Nd3 {[%clk 0:02:04]}
Qf6 {[%clk 0:01:06]} 22. Qg4 {[%clk 0:02:04]} Qe7 {[%clk 0:01:01]} 23. Rae1
{[%clk 0:02:00]} Rae8 {[%clk 0:00:47]} 24. a4 {[%clk 0:01:55]} Kg8 {[%clk
0:00:45]} 25. Rf3 {[%clk 0:01:49]} Nf6 {[%clk 0:00:39]} 26. Qd4 {[%clk 0:01:45]}
Ne4 {[%clk 0:00:30]} 27. Rh3 {[%clk 0:01:44]} f6 {[%clk 0:00:31]} 28. Qxa7 {[%clk
0:01:42]} Rf7 {[%clk 0:00:26]} 29. Qd4 {[%clk 0:01:39]} Qc7 {[%clk 0:00:17]} 30.
Nf4 {[%clk 0:01:39]} Kg7 {[%clk 0:00:15]} 31. c4 {[%clk 0:01:31]} Qd6 {[%clk
0:00:11]} 32. cxd5 {[%clk 0:01:29]} c5 {[%clk 0:00:11]} 33. Qd3 {[%clk 0:01:25]}
Rfe7 {[%clk 0:00:10]} 34. Rf1 {[%clk 0:01:17]} f5 {[%clk 0:00:08]} 35. Ne6+
{[%clk 0:01:16]} Rxe6 {[%clk 0:00:07]} 36. Qb5 {[%clk 0:01:12]} R6e7 {[%clk
0:00:07]} 37. Qc4 {[%clk 0:00:57]} Rh8 {[%clk 0:00:08]} 38. Rxh8 {[%clk 0:00:57]}
Kxh8 {[%clk 0:00:09]} 39. Qc1 {[%clk 0:00:57]} Kg7 {[%clk 0:00:10]} 40. Qa1+
{[%clk 0:00:57]} Kg8 {[%clk 0:00:09]} 41. a5 {[%clk 0:00:50]} Qxd5 {[%clk
0:00:09]} 42. Rd1 {[%clk 0:00:50]} Qe5 {[%clk 0:00:09]} 43. Qa4 {[%clk 0:00:46]}
Kf7 {[%clk 0:00:10]} 44. Qc4+ {[%clk 0:00:46]} Kg7 {[%clk 0:00:11]} 45. Rd8
{[%clk 0:00:38]} Qe6 {[%clk 0:00:10]} 46. Qb5 {[%clk 0:00:45]} Nf6 {[%clk
0:00:09]} 47. Rb8 {[%clk 0:00:44]} Qd7 {[%clk 0:00:01]} 48. Qxc5 {[%clk 0:00:44]}
Qd1+ {[%clk 0:00:10]} 49. Kf2 {[%clk 0:00:45]} Qd2+ {[%clk 0:00:11]} 50. Kf1
{[%clk 0:00:46]} Rxe3 {[%clk 0:00:09]} 51. Rxb7+ {[%clk 0:00:46]} Kh6 {[%clk
0:00:09]} 52. Qf8+ {[%clk 0:00:30]} Kg5 {[%clk 0:00:09]} 53. h4+ {[%clk 0:00:30]}
Kf4 {[%clk 0:00:07]} 54. Qh6+ {[%clk 0:00:30]} Ke4 {[%clk 0:00:05]} 55. Re7+
{[%clk 0:00:30]} Kd4 {[%clk 0:00:06]} 56. Rxe3 {[%clk 0:00:29]} Qxe3 {[%clk
0:00:07]} 57. Qxe3+ {[%clk 0:00:30]} Kxe3 {[%clk 0:00:08]} 58. a6 {[%clk
0:00:31]} Nd5 {[%clk 0:00:08]} 59. a7 {[%clk 0:00:32]} Nb6 {[%clk 0:00:09]} 60.
b4 {[%clk 0:00:33]} Kd4 {[%clk 0:00:09]} 61. Kf2 {[%clk 0:00:34]} Kc4 {[%clk
0:00:11]} 62. Kf3 {[%clk 0:00:35]} Kxb4 {[%clk 0:00:11]} 63. Kf4 {[%clk 0:00:37]}
Kb5 {[%clk 0:00:10]} 64. h5 {[%clk 0:00:37]} gxh5 {[%clk 0:00:10]} 65. Kxf5
{[%clk 0:00:38]} Ka6 {[%clk 0:00:11]} 66. Kg5 {[%clk 0:00:40]} Kxa7 {[%clk
0:00:12]} 67. Kxh5 {[%clk 0:00:40]} Nd7 {[%clk 0:00:14]}  1/2-1/2

[Event "Deutsche Blitz-Einzelmeisterschaft der Frauen 2021"]
[Site "Magdeburg"]
[Date "2021.08.01"]
[Round "10"]
[Board "7"]
[White "Noll, Sonja"]
[Black "Muetsch, Annmarie"]
[Result "0-1"]
[WhiteElo "1707"]
[BlackElo "2294"]
[PlyCount "0"]
[EventDate "2021.08.01"]
[EventRounds "21"]
[EventCountry "GER"]

1. e4 {[%clk 0:03:03]} c5 {[%clk 0:03:03]} 2. Nf3 {[%clk 0:03:03]} Nc6 {[%clk
0:02:54]} 3. b3 {[%clk 0:03:04]} e5 {[%clk 0:03:04]} 4. Bb2 {[%clk 0:02:56]} d6
{[%clk 0:03:05]} 5. h3 {[%clk 0:02:56]} g6 {[%clk 0:03:02]} 6. c3 {[%clk
0:03:03]} Bg7 {[%clk 0:03:02]} 7. d3 {[%clk 0:02:54]} Nge7 {[%clk 0:03:03]} 8.
Nbd2 {[%clk 0:03:04]} O-O {[%clk 0:03:03]} 9. a3 {[%clk 0:03:04]} f5 {[%clk
0:03:03]} 10. Be2 {[%clk 0:03:03]} d5 {[%clk 0:02:58]} 11. exd5 {[%clk 0:02:57]}
Nxd5 {[%clk 0:02:59]} 12. Rc1 {[%clk 0:02:43]} Nf4 {[%clk 0:02:59]} 13. O-O
{[%clk 0:02:30]} Nxd3 {[%clk 0:02:59]} 14. Rc2 {[%clk 0:02:18]} e4 {[%clk
0:02:56]} 15. Ne1 {[%clk 0:02:14]} Nxb2 {[%clk 0:02:54]} 16. Rxb2 {[%clk
0:02:14]} Bxc3 {[%clk 0:02:53]} 17. Rc2 {[%clk 0:02:01]} Bd4 {[%clk 0:02:53]} 18.
Bc4+ {[%clk 0:01:57]} Kh8 {[%clk 0:02:54]} 19. Nb1 {[%clk 0:01:34]} e3 {[%clk
0:02:50]} 20. fxe3 {[%clk 0:01:32]} Bxe3+ {[%clk 0:02:50]} 21. Kh1 {[%clk
0:01:31]} Qxd1 {[%clk 0:02:50]}  0-1

[Event "Deutsche Blitz-Einzelmeisterschaft der Frauen 2021"]
[Site "Magdeburg"]
[Date "2021.08.01"]
[Round "10"]
[Board "8"]
[White "Kosovska, Olena"]
[Black "Albayrak, Berrak"]
[Result "0-1"]
[WhiteElo "1965"]
[BlackElo "1491"]
[PlyCount "0"]
[EventDate "2021.08.01"]
[EventRounds "21"]
[EventCountry "GER"]

1. e4 {[%clk 0:03:03]} d6 {[%clk 0:03:04]} 2. d4 {[%clk 0:03:04]} Nf6 {[%clk
0:03:05]} 3. Nc3 {[%clk 0:02:55]} g6 {[%clk 0:03:07]} 4. Bc4 {[%clk 0:03:03]} Bg7
{[%clk 0:03:08]} 5. Nge2 {[%clk 0:02:54]} O-O {[%clk 0:03:08]} 6. O-O {[%clk
0:02:54]} a6 {[%clk 0:03:08]} 7. a3 {[%clk 0:02:54]} b5 {[%clk 0:03:01]} 8. Bb3
{[%clk 0:02:54]} c5 {[%clk 0:02:45]} 9. Bd5 {[%clk 0:02:07]} Nxd5 {[%clk
0:02:43]} 10. Nxd5 {[%clk 0:02:07]} Bb7 {[%clk 0:02:29]} 11. dxc5 {[%clk
0:01:41]} dxc5 {[%clk 0:02:26]} 12. Nec3 {[%clk 0:01:39]} e6 {[%clk 0:02:03]} 13.
Ne3 {[%clk 0:01:27]} b4 {[%clk 0:02:04]} 14. axb4 {[%clk 0:01:22]} cxb4 {[%clk
0:02:05]} 15. Ne2 {[%clk 0:01:21]} Bxe4 {[%clk 0:02:01]} 16. Qe1 {[%clk 0:01:19]}
a5 {[%clk 0:01:48]} 17. Ng3 {[%clk 0:01:15]} Bb7 {[%clk 0:01:39]} 18. c3 {[%clk
0:01:12]} Nc6 {[%clk 0:01:21]} 19. cxb4 {[%clk 0:01:12]} Nxb4 {[%clk 0:01:19]}
20. Bd2 {[%clk 0:01:10]} Ba6 {[%clk 0:01:07]} 21. Bxb4 {[%clk 0:01:07]} axb4
{[%clk 0:01:06]} 22. Qxb4 {[%clk 0:01:04]} Bxf1 {[%clk 0:01:04]} 23. Rxf1 {[%clk
0:01:05]} Rb8 {[%clk 0:01:04]} 24. Qc4 {[%clk 0:00:58]} Rxb2 {[%clk 0:01:02]} 25.
h3 {[%clk 0:00:59]} Qb6 {[%clk 0:00:50]} 26. Ng4 {[%clk 0:00:57]} h5 {[%clk
0:00:45]} 27. Ne3 {[%clk 0:00:55]} Bd4 {[%clk 0:00:28]} 28. Qd3 {[%clk 0:00:44]}
Rb3 {[%clk 0:00:23]} 29. Qc2 {[%clk 0:00:34]} Bxe3 {[%clk 0:00:23]} 30. fxe3
{[%clk 0:00:35]} Qxe3+ {[%clk 0:00:23]} 31. Kh1 {[%clk 0:00:35]} Qxg3 {[%clk
0:00:23]} 32. Qd2 {[%clk 0:00:31]} Rfb8 {[%clk 0:00:15]} 33. Qd4 {[%clk 0:00:25]}
Rb1 {[%clk 0:00:13]} 34. Qf6 {[%clk 0:00:24]} Rxf1+ {[%clk 0:00:13]} 35. Qxf1
{[%clk 0:00:25]} Qb3 {[%clk 0:00:13]} 36. Qf2 {[%clk 0:00:24]} Qb1+ {[%clk
0:00:13]} 37. Kh2 {[%clk 0:00:25]} Qf5 {[%clk 0:00:13]} 38. Qd4 {[%clk 0:00:22]}
Rb5 {[%clk 0:00:14]} 39. Qd8+ {[%clk 0:00:22]} Kg7 {[%clk 0:00:15]} 40. Qd2
{[%clk 0:00:22]} Qe5+ {[%clk 0:00:07]} 41. Kg1 {[%clk 0:00:23]} Rb1+ {[%clk
0:00:16]} 42. Kf2 {[%clk 0:00:24]} Rb2 {[%clk 0:00:16]}  0-1